000 00309nam a2200109Ia 4500
008 201217s9999 xx 000 0 und d
100 _aRao, T. V. [et al.]
245 0 _aAlternative Approaches and Strategies of Human Resources Development
260 _aJaipur
_bRawat Publications
300 _a405
942 _cBK
999 _c7790
_d7790